愛媛県の市町村(1960年) - Statistics

General Stats
  • This quiz has been taken 47 times
  • The average score is 60 of 76
Answer Stats
No. 市町村 備考 % Correct
1 松山市
100%
2 今治市
100%
3 宇和島市
100%
6 西条市
100%
4 八幡浜市
96%
7 大洲市
96%
10 伊予市
96%
5 新居浜市
91%
8 川之江市 2004年消滅
91%
9 伊予三島市 2004年消滅
91%
11 北条市 2005年消滅
91%
46 伊予郡 松前町
91%
47 伊予郡 砥部町
91%
57 西宇和郡 伊方町
91%
52 喜多郡 内子町
87%
56 西宇和郡 保内町 2005年消滅
87%
59 西宇和郡 三崎町 2005年消滅
87%
68 北宇和郡 松野町
87%
32 越智郡 大三島町 2005年消滅
83%
60 西宇和郡 三瓶町 2004年消滅
83%
73 南宇和郡 御荘町 2004年消滅
83%
13 宇摩郡 土居町 2004年消滅
78%
14 宇摩郡 別子山村 2003年消滅
78%
15 周桑郡 小松町 2004年消滅
78%
16 周桑郡 壬生川町 1971年消滅
78%
25 越智郡 宮窪町 2005年消滅
78%
28 越智郡 弓削町 2004年消滅
78%
33 越智郡 関前村 2005年消滅
78%
41 上浮穴郡 久万町 2004年消滅
78%
51 喜多郡 長浜町 2005年消滅
78%
65 北宇和郡 吉田町 2005年消滅
78%
70 北宇和郡 津島町 2005年消滅
78%
74 南宇和郡 城辺町 2004年消滅
78%
12 宇摩郡 新宮村 2004年消滅
74%
17 周桑郡 丹原町 2004年消滅
74%
19 越智郡 朝倉村 2005年消滅
74%
20 越智郡 玉川村 1962年昇格
74%
21 越智郡 波方町 2005年消滅
74%
22 越智郡 大西町 2005年消滅
74%
23 越智郡 菊間町 2005年消滅
74%
24 越智郡 吉海町 2005年消滅
74%
26 越智郡 伯方町 2005年消滅
74%
27 越智郡 魚島村 2004年消滅
74%
29 越智郡 生名村 2004年消滅
74%
30 越智郡 岩城村 2004年消滅
74%
31 越智郡 上浦村 1964年昇格
74%
36 温泉郡 重信町 2004年消滅
74%
37 温泉郡 川内町 2004年消滅
74%
39 温泉郡 中島町 2005年消滅
74%
42 上浮穴郡 面河村 2004年消滅
74%
43 上浮穴郡 美川村 2004年消滅
74%
44 上浮穴郡 柳谷村 2004年消滅
74%
45 上浮穴郡 小田町 2005年消滅
74%
48 伊予郡 広田村 2005年消滅
74%
49 伊予郡 中山町 2005年消滅
74%
50 伊予郡 双海町 2005年消滅
74%
53 喜多郡 五十崎町 2005年消滅
74%
54 喜多郡 肱川町 2005年消滅
74%
55 喜多郡 河辺村 2005年消滅
74%
58 西宇和郡 瀬戸町 2005年消滅
74%
61 東宇和郡 明浜町 2004年消滅
74%
62 東宇和郡 宇和町 2004年消滅
74%
63 東宇和郡 野村町 2004年消滅
74%
64 東宇和郡 城川町 2004年消滅
74%
66 北宇和郡 三間町 2005年消滅
74%
67 北宇和郡 広見町 2005年消滅
74%
69 北宇和郡 日吉村 2005年消滅
74%
72 南宇和郡 内海村 2004年消滅
74%
75 南宇和郡 一本松村 1962年昇格
74%
76 南宇和郡 西海町 2004年消滅
74%
40 温泉郡 西中島村 1963年消滅
70%
18 周桑郡 三芳町 1971年消滅
65%
71 北宇和郡 宇和海村 1974年消滅
65%
38 温泉郡 久谷村 1968年消滅
57%
34 温泉郡 石井村 1962年消滅
52%
35 温泉郡 小野村 1961年消滅
52%
No matching quizzes found
Score Distribution
Percent of People with Each Score
Percentile by Number Answered
Your Score History
You have not taken this quiz